Medición y estrategias para el mejoramiento de la productividad / (Registro nro. 11797)

Detalles MARC
000 -LEADER
fixed length control field 01084nam a2200229Ia 4500
003 - CONTROL NUMBER IDENTIFIER
control field OSt
005 - DATE AND TIME OF LATEST TRANSACTION
control field 20210528122016.0
008 - FIXED-LENGTH DATA ELEMENTS--GENERAL INFORMATION
fixed length control field 210310s1999 ck ad gr 000 0 spa d
020 ## - INTERNATIONAL STANDARD BOOK NUMBER
International Standard Book Number 9586081478
040 ## - CATALOGING SOURCE
Original cataloging agency CO-JMCR
Transcribing agency CO-JMCR
041 0# - LANGUAGE CODE
Language code of text/sound track or separate title spa
082 04 - DEWEY DECIMAL CLASSIFICATION NUMBER
Classification number 331.118 /
Item number m357M
Edition number 23
110 2# - MAIN ENTRY--CORPORATE NAME
Corporate name or jurisdiction name as entry element Colombia.
Subordinate unit Ministerio de Trabajo y Seguridad Social
9 (RLIN) 7958
245 10 - TITLE STATEMENT
Title Medición y estrategias para el mejoramiento de la productividad /
Statement of responsibility, etc. Ministerio de Trabajo y Seguridad Social
260 ## - PUBLICATION, DISTRIBUTION, ETC.
Place of publication, distribution, etc. Bogotá :
Name of publisher, distributor, etc. Organización Internacional del Trabajo,
Date of publication, distribution, etc. 1999.
300 ## - PHYSICAL DESCRIPTION
Extent 81 páginas :
Other physical details ilustraciones y gráficas ;
Dimensions 23 cm.
504 ## - BIBLIOGRAPHY, ETC. NOTE
Bibliography, etc. note Bibliografía : páginas81.
505 0# - FORMATTED CONTENTS NOTE
Formatted contents note Qué es la productividad. -- Por qué medir la productividad. -- Relación entre productividad y competitividad. -- La gestión de la productividad. -- Metodología de la medición y mejora de la productividad. -- Estrategias para el mejoramiento de la productividad en la empresa.
650 14 - SUBJECT ADDED ENTRY--TOPICAL TERM
Topical term or geographic name entry element Productividad empresarial
9 (RLIN) 38012
650 24 - SUBJECT ADDED ENTRY--TOPICAL TERM
Topical term or geographic name entry element Gestión de la productividad
9 (RLIN) 38013
942 ## - ADDED ENTRY ELEMENTS (KOHA)
Source of classification or shelving scheme Dewey Decimal Classification
Koha item type Books
Existencias
Withdrawn status Lost status Source of classification or shelving scheme Damaged status Not for loan Home library Current library Shelving location Date acquired Source of acquisition Full call number Barcode Date last seen Copy number Price effective from Koha item type
    Dewey Decimal Classification     Biblioteca Pública José María del Castillo y Rada Biblioteca Pública José María del Castillo y Rada General Stacks 04/15/2018 Donación 331.118 / M357m 430002762 05/16/2024 Ej.1 03/10/2021 Books